Sexo y sociedad (Record no. 35117)

MARC details
000 -LEADER
campo de control de longitud fija 00694nam a2200193 i 4500
001 - NÚMERO DE CONTROL
campo de control 35117
003 - IDENTIFICADOR DE NÚMERO DE CONTROL
campo de control ES-MaACL
005 - FECHA Y HORA DE LA ÚLTIMA TRANSACCIÓN
campo de control 20240208063058.0
007 - CAMPO FIJO DE DESCRIPCIÓN FÍSICA--INFORMACIÓN GENERAL
campo de control de longitud fija t|
008 - DATOS DE LONGITUD FIJA--INFORMACIÓN GENERAL
campo de control de longitud fija 030212s1981 sp ||||1| spa d
100 1# - ENTRADA PRINCIPAL--NOMBRE DE PERSONA
Nombre de persona Botella Llusiá, José,
Fechas asociadas al nombre 1912-2002
9 (RLIN) 30758
245 10 - MENCIÓN DEL TÍTULO
Título Sexo y sociedad
Resto del título : Origen y significado del sexo ; Atropología del sexo ; La revolución sexual : ciclo de tres conferencias /
Mención de responsabilidad, etc. José Botella Llusiá.
260 ## - PUBLICACIÓN, DISTRIBUCIÓN, ETC.
Lugar de publicación, distribución, etc. Madrid :
Nombre del editor, distribuidor, etc. Instituto de España,
Fecha de publicación, distribución, etc. 1981.
300 ## - DESCRIPCIÓN FÍSICA
Extensión 56 p. ;
Dimensiones 24 cm.
650 04 - PUNTO DE ACCESO ADICIONAL DE MATERIA--TÉRMINO DE MATERIA
Término de materia o nombre geográfico como elemento de entrada Sexualidad-
Subdivisión general Aspectos sociales.
9 (RLIN) 17080
710 2# - ENTRADA AGREGADA--NOMBRE DE ENTIDAD CORPORATIVA
Nombre de entidad corporativa o nombre de jurisdicción como elemento de entrada Instituto de España.
9 (RLIN) 4873
852 ## - LOCALIZACIÓN
Ubicación ES-MaACL
Número de control de estantería L-5655
Sublocalización o colección R.106191
Holdings
Estatus retirado Estado de pérdida Estado de daño No para préstamo Biblioteca de origen Biblioteca actual Ubicación en estantería Fecha de adquisición Fuente de adquisición Total de préstamos Signatura topográfica completa Código de barras Visto por última vez Precio de reemplazo Tipo de ítem Koha
        Biblioteca del Ateneo de Madrid Biblioteca del Ateneo de Madrid Depósito 2 17/01/2008     L-5655 1036722 23/02/2023 23/02/2023 Libro impreso